000 00442nam a2200181Ia 4500
001 1042
005 20260306140603.0
008 260306t2000||||xx |||||||||||||| ||spa||
041 _aESP
082 _a180
_bH58
100 _aHirschberger, Johannes
_eAUT
245 0 _aHistoria de la filosofía:
_bedad moderna, edad contemporánea
260 _c2000
300 _a
_c22 cm.
650 _aGEN
654 _aCHU
942 _cLIB
_dJUS
_fJUS
_2ddc
_n
999 _c1042
_d1042